| 000 | 00957nam a22002297a 4500 | ||
|---|---|---|---|
| 003 | BD-DhUL | ||
| 005 | 20170509115241.0 | ||
| 008 | 170509s2017 bg p|||| |||| 00| 0 eng d | ||
| 020 | _a9789849239376 | ||
| 040 |
_aBD-DhUL _cBD-DhUL |
||
| 082 |
_a954.92 _bHAA |
||
| 100 | 0 | _aহক, সৈয়দ মমিনুল | |
| 245 | 0 |
_aআপন বাড়ি / _cসৈয়দ মমিনুল হক,খন্দকার আতাউল হক,সৈয়দা জন্নাতুল নাঈম |
|
| 260 |
_aঢাকা : _bজাগৃতি, _c2017. |
||
| 300 |
_a১৯১ পৃ. ; _c ২২ সেমি |
||
| 365 |
_aBDT _b300.00 |
||
| 650 | 0 |
_aবাংলাদেশ - _xইতিহাস _z মুক্তিযুদ্ধ |
|
| 650 | 0 |
_aBangladesh _xHistory _zMuktijudda |
|
| 700 | 0 | _aহক, খন্দকার আতাউল | |
| 700 | 0 |
_aনাঈম, সৈয়দা জন্নাতুল _ejt ed |
|
| 942 |
_2ddc _cBK |
||
| 999 |
_c194770 _d194770 |
||